Gaming Quiz

Random Gaming or Pokémon Quiz
Score 0/151 Timer 05:00
0 Plays Today
Dex # Answer % Correct
4Charmander
97.6%
5Charmeleon
96.8%
6Charizard
96.8%
107Hitmonchan
96.8%
68Machamp
95.7%
113Chansey
94.9%
25Pikachu
91.4%
62Poliwrath
90.6%
1Bulbasaur
88.5%
3Venusaur
88.2%
8Wartortle
88.2%
2Ivysaur
87.9%
12Butterfree
87.9%
26Raichu
87.9%
147Dratini
87.9%
7Squirtle
86.6%
9Blastoise
86.6%
10Caterpie
86.6%
70Weepinbell
86.3%
149Dragonite
85.8%
110Weezing
84.7%
148Dragonair
83.9%
67Machoke
83.4%
20Raticate
82.6%
66Machop
82.6%
75Graveler
82.3%
117Seadra
82.3%
34Nidoking
82%
119Seaking
82%
58Growlithe
80.2%
126Magmar
80.2%
19Rattata
79.9%
69Bellsprout
79.9%
78Rapidash
79.9%
71Victreebel
79.6%
139Omastar
79.6%
82Magneton
79.4%
129Magikarp
79.4%
17Pidgeotto
78.3%
106Hitmonlee
78.3%
13Weedle
78%
15Beedrill
78%
81Magnemite
77.7%
134Vaporeon
77.2%
141Kabutops
77.2%
33Nidorino
76.9%
140Kabuto
76.9%
29Nidoran♀
76.7%
30Nidorina
76.7%
32Nidoran♂
76.7%
28Sandslash
76.4%
Dex # Answer % Correct
136Flareon
76.4%
18Pidgeot
76.1%
31Nidoqueen
76.1%
151Mew
75.9%
150Mewtwo
75.9%
27Sandshrew
75.6%
138Omanyte
75.3%
16Pidgey
74.8%
115Kangaskhan
74.3%
42Golbat
73.7%
55Golduck
73.7%
116Horsea
73.7%
135Jolteon
73.7%
59Arcanine
73.2%
11Metapod
72.9%
118Goldeen
72.9%
76Golem
72.7%
109Koffing
72.4%
61Poliwhirl
71.8%
60Poliwag
71%
101Electrode
71%
130Gyarados
71%
146Moltres
70.5%
77Ponyta
70.2%
125Electabuzz
69.7%
99Kingler
69.2%
14Kakuna
68.6%
38Ninetales
68.6%
144Articuno
68.6%
23Ekans
68.4%
100Voltorb
68.4%
41Zubat
68.1%
21Spearow
67.8%
90Shellder
67.6%
93Haunter
67.6%
22Fearow
66.8%
121Starmie
66.8%
105Marowak
66.5%
120Staryu
66.2%
145Zapdos
66%
123Scyther
65.1%
54Psyduck
63.8%
133Eevee
63%
91Cloyster
62.7%
74Geodude
62.5%
24Arbok
62.2%
64Kadabra
61.9%
49Venomoth
61.7%
63Abra
60.9%
48Venonat
60.3%
111Rhyhorn
59.8%
Dex # Answer % Correct
35Clefairy
59.2%
53Persian
59%
56Mankey
59%
128Tauros
59%
50Diglett
58.7%
94Gengar
58.7%
36Clefable
58.4%
39Jigglypuff
58.2%
65Alakazam
58.2%
96Drowzee
58.2%
47Parasect
57.9%
46Paras
57.6%
45Vileplume
57.4%
43Oddish
56.8%
92Gastly
56.8%
52Meowth
56%
44Gloom
55.8%
87Dewgong
55.8%
142Aerodactyl
55.5%
40Wigglytuff
54.7%
37Vulpix
54.4%
103Exeggutor
54.2%
124Jynx
54.2%
112Rhydon
53.9%
51Dugtrio
53.6%
88Grimer
52.8%
143Snorlax
52.3%
131Lapras
52%
57Primeape
51.5%
137Porygon
51.5%
95Onix
50.9%
114Tangela
50.7%
86Seel
49.3%
104Cubone
48.3%
102Exeggcute
47.2%
132Ditto
46.6%
80Slowbro
46.4%
85Dodrio
46.4%
79Slowpoke
46.1%
72Tentacool
45.6%
73Tentacruel
45%
84Doduo
45%
127Pinsir
45%
83Farfetch'd
44.8%
97Hypno
44.8%
122Mr. Mime
44.5%
89Muk
43.4%
98Krabby
43.2%
108Lickitung
42.4%
Remove Ads.
Support Sporcle.
Get the best of Sporcle when you Go Orange. This ad-free experience offers more features, more stats, and more fun while also helping to support Sporcle. Thank you for becoming a member.

You're not logged in!

Compare scores with friends on all Sporcle quizzes.
OR
Log In

Show Comments

Extras

Top Quizzes Today


Score Distribution

Your Account Isn't Verified!

In order to create a playlist on Sporcle, you need to verify the email address you used during registration. Go to your Sporcle Settings to finish the process.

Report this User

Report this user for behavior that violates our Community Guidelines.

Details: